Monarchs of Sweden Quiz Stats

 Plays Quiz Updated Feb 7, 2020

Support Sporcle.
Go Orange.
Score 0/66 Timer 10:00
7 Plays Today
Reigned Monarch % Correct
1611-1632Gustavus Adolphus the Great, the Golden King, the Lion of the North
77.3%
1523-1560Gustav I
74.4%
1907-1950Gustav V
73.2%
1771-1792Gustav III
71.4%
1782-1809Gustav IV Adolf
69.8%
1950-1973Gustav VI Adolf
67.8%
1654-1660Charles X Gustav
64.8%
1497-1501Hans
62.8%
1660-1697Charles XI
62.1%
1973-presentCarl XVI Gustaf
61.3%
1697-1718Charles XII
61.2%
1859-1872Charles XV
61.2%
1216-1222John I the Child
58.6%
1818-1844Charles XIV John
58.3%
1604-1611Charles IX
58.2%
1809-1818Charles XIII
58.2%
1161-1167Charles VII
56.8%
1568-1592John III
56.8%
1448-1457Charles VIII
54.4%
1464-1465Charles VIII
54.4%
1467-1470Charles VIII
54.4%
1457-1464Christian I
51.5%
1520-1521Christian II the Tyrant
51%
1208-1216Eric X
49.8%
1222-1229Eric XI the Lisp and Lame
49.1%
1234-1250Eric XI the Lisp and Lame
49.1%
c.970-c.995Eric VI the Victorious
47.9%
1560-1568Eric XIV
47.6%
1356-1359Eric XII
46.9%
1084-1087Sven the Sacrificer
46.8%
1632-1654Christina
46.7%
1156-1160Eric IX the Saint, the Lawgiver, the Holy
46.3%
1066-1067Eric VII
46.2%
Reigned Monarch % Correct
1396-1439Eric XIII of Pomerania
46%
1720-1751Frederick I
45.8%
1066-1067Eric VIII the Pagan
45.7%
1160-1161Magnus
43.8%
1844-1859Oscar I
40.6%
1872-1907Oscar II
40.2%
1389-1412Margaret
39.3%
1167-1196Canute I
35.1%
1229-1234Canute II the Tall
34.6%
c.995-c.1022Olof the Skötkonung
34.4%
1592-1599Sigismund Vasa
31.9%
1275-1290Magnus III Ladislaus
31.4%
1441-1448Christopher of Bavaria
31.3%
1319-1364Magnus IV
29.9%
1105-1118Philip
29.8%
1362-1364Haakon
28.5%
1718-1720Ulrika Eleonora the Younger
27.6%
1751-1771Adolf Frederick
27%
1290-1318Birger
26.6%
1250-1275Valdemar I
26.2%
1364-1389Albert of Mecklenburg
25.5%
1130-1156Sverker I the Elder, the Clubfooted
25.2%
1196-1208Sverker II the Younger
24.9%
1070-1075Anund of Gardarike
23.9%
1079-1084Inge I the Elder
23.4%
1087-1105Inge I the Elder
23.4%
1110-1125Inge II the Younger
23.1%
1050-1060Emund the Old, the Bad
23%
c.1022-1050Anund Jakob Coal-Burner
22.3%
1075-1079Håkan the Red
21.4%
1060-1066Stenkil
21.2%
1067-1070Halsten
18.7%
1125-1126Ragnvald Knaphövde
18.3%

From the Vault

Ellen's 2014 Oscars Selfie

by razorz

Fun fact: Liza Minnelli is in there somewhere, she is just too short to fit into this selfie.
Remove Ads.
Support Sporcle.
Get the best of Sporcle when you Go Orange. This ad-free experience offers more features, more stats, and more fun while also helping to support Sporcle. Thank you for becoming a member.

Show Comments

Extras

Top Quizzes Today


Score Distribution

Your Account Isn't Verified!

In order to create a playlist on Sporcle, you need to verify the email address you used during registration. Go to your Sporcle Settings to finish the process.

Report this User

Report this user for behavior that violates our Community Guidelines.

Details: